[Event "CRO-chT3 East-B"]
[Site "Croatia"]
[Date "2005.04.03"]
[Round "3.6"]
[White "Barisic, Petar"]
[Black "Loncar, Milan"]
[Result "1/2-1/2"]
[WhiteElo "2029"]
[BlackElo "1740"]
[PlyCount "138"]
[EventDate "2005.03.13"]
[EventType "team-tourn"]
[EventRounds "11"]
[EventCountry "CRO"]
[SourceTitle "EXT 2007"]
[Source "ChessBase"]
[SourceDate "2006.11.23"]
[SourceVersion "1"]
[SourceVersionDate "2006.11.23"]
[SourceQuality "1"]
[WhiteTeam "Piskorevci"]
[BlackTeam "Otok"]
[WhiteTeamCountry "CRO"]
[BlackTeamCountry "CRO"]

1. d4 e6 2. c4 Nf6 3. Bg5 Be7 4. Nc3 d5 5. e3 Nc6 6. a3 Bd7 7. f4 Ne4 8. Nxe4 dxe4 9. Bxe7 Nxe7 10. Qc2 Nf5 11. Qxe4 Qh4+ 12. g3 Nd6 13. Qg2 Qh5 14. Be2 Qf5 15. c5 Bc6 16. Bf3 Bxf3 17. Qxf3 Nc4 18. e4 Qf6 19. Qc3 Na5 20. Ne2 Nc6 21. d5 exd5 22. Qxf6 gxf6 23. exd5 Ne7 24. 0-0-0 0-0-0 25. Nc3 Rhe8 26. Rhe1 Ng8 27. Kc2 Kd7 28. Kd3 c6 29. d6 Re6 30. Re2 Rde8 31. Rde1 f5 32. Kd4 Nf6 33. Rxe6 fxe6 34. h3 Rg8 35. Re3 Nh5 36. Ne2 Nf6 37. Rb3 Rb8 38. Ke5 Ne4 39. Kd4 Nf6 40. Nc3 b5 41. Ke5 Rf8 42. Ne2 Ne4 43. Kd4 a5 44. Re3 Nf2 45. h4 Nd1 46. Rb3 a4 47. Rb4 Nf2 48. Nc3 Rg8 49. Ke3 Nh1 50. Nxa4 Rxg3+ 51. Kd4 bxa4 52. Rxa4 Nf2 53. Ra7+ Kd8 54. b4 Rd3+ 55. Ke5 Re3+ 56. Kf6 Ng4+ 57. Kg5 h6+ 58. Kg6 Re4 59. Rc7 Rxf4 60. Kf7 Re4 61. b5 cxb5 62. c6 Ne5+ 63. Kxe6 Nxc6+ 64. Kxf5 Rc4 65. Rb7 Rxh4 66. Ke6 Nd4+ 67. Kd5 h5 68. Rh7 Nf5 69. Kc6 Nxd6 1/2-1/2